00857nab a2200229uuc4500001000800000005001700008008004100025035001200066035002100078040001300099100003900112245006200151650003000213650003800243650002800281700005000309700004000359700004200399773015700441942001000598999001900608111018020241001090818.0081020s1997  a1110180 a(OCoLC)820446192 ccomduadb10aGarcia Barros, S4auteaut946955313aLa astronomia en textos escolares de edcuación primaria 7aAstronomía2lemb937282 7aEducación primaria2lemb943723 aTextos escolares98784310aMartínez Losada, Cristina4auteaut962852110aMondelo Alonso, M4auteaut956034010aVega Marcote, Pedro4auteaut96127640 tEnseñanza de las Ciencias : Revista de Investigación y Experiencias DidácticasgVol. 15, No. 02, Jun. 1997, p. 225-232w1034161x0212-45210420437 cARIMP c481998d481998